A Textbook Of Engineering Mathematics (VOL II) / (Record no. 2192)
[ view plain ]
| 000 -LEADER | |
|---|---|
| Fixed length control field | 00451nam a2200169 4500 |
| 003 - CONTROL NUMBER IDENTIFIER | |
| Control field | SEACOMEC |
| 005 - DATE AND TIME OF LATEST TRANSACTION | |
| Control field | 20250414130707.0 |
| 008 - FIXED-LENGTH DATA ELEMENTS--GENERAL INFORMATION | |
| Fixed length control field | 250414b |||||||| |||| 00| 0 eng d |
| 020 ## - INTERNATIONAL STANDARD BOOK NUMBER / ISBN | |
| Price | 230.00 |
| 040 ## - CATALOGING SOURCE | |
| Original cataloging agency | SEACOMEC |
| 082 ## - DEWEY DECIMAL CLASSIFICATION NUMBER | |
| Classification number | 510.02462 |
| Book Number | K95 |
| 100 ## - MAIN ENTRY--PERSONAL NAME | |
| Personal name | Kundu, Pulak |
| 245 ## - TITLE STATEMENT | |
| Title | A Textbook Of Engineering Mathematics (VOL II) / |
| Statement of responsibility | Pulak Kundu |
| 260 ## - IMPRINT | |
| Place of publication | Kolkata: |
| Name of publisher | Chhaya Prakashani Pvt. Ltd., |
| Date of publication | 2009 |
| 300 ## - PHYSICAL DESCRIPTION | |
| Page / Vol. No | VOL II |
| 942 ## - ADDED ENTRY ELEMENTS (KOHA) | |
| Koha item type | Books |
| Withdrawn status | Lost status | Source of classification | Damaged status | Not for loan | Home library | Current library | Date acquired | Total Checkouts | Call number | Accession number | Date last seen | Price effective from | Koha item type | Copy number | Checked out | Date checked out |
|---|---|---|---|---|---|---|---|---|---|---|---|---|---|---|---|---|
| Dewey Decimal Classification | SEACOM ENGINEERING COLLEGE | SEACOM ENGINEERING COLLEGE | 11/02/2010 | 510.02462 K95 | 15981 | 14/04/2025 | 14/04/2025 | Reference Books | ||||||||
| Dewey Decimal Classification | SEACOM ENGINEERING COLLEGE | SEACOM ENGINEERING COLLEGE | 11/02/2010 | 510.02462 K95 | 15982 | 14/04/2025 | 14/04/2025 | Books | 1 | |||||||
| Dewey Decimal Classification | SEACOM ENGINEERING COLLEGE | SEACOM ENGINEERING COLLEGE | 11/02/2010 | 1 | 510.02462 K95 | 15983 | 18/03/2026 | 14/04/2025 | Books | 2 | 01/04/2026 | 18/03/2026 | ||||
| Dewey Decimal Classification | SEACOM ENGINEERING COLLEGE | SEACOM ENGINEERING COLLEGE | 11/02/2010 | 510.02462 K95 | 15984 | 14/04/2025 | 14/04/2025 | Books | 3 | |||||||
| Dewey Decimal Classification | SEACOM ENGINEERING COLLEGE | SEACOM ENGINEERING COLLEGE | 11/02/2010 | 510.02462 K95 | 15985 | 14/04/2025 | 14/04/2025 | Books | 4 |
